00745nam a2200181 i 450000100060000000300090000600500170001500700030003200800410003510000410007624501760011726000340029330000220032770000430034985200320039299900170042495201220044180332ES-MaACL20250824092813.0t|041027s1968 sp ||||1| spa d1 aHobsbawm, E. J. (d1917-2012)96386210aRebeldes primitivos b: estudio sobre las formas arcaicas de los movimientos sociales en los siglos XIX y XX / cEric J. Hobsbawm ; traducción de Joaquín Romero Maura. aBarcelona : bAriel, c[1968] a311 p. ; c22 cm.1 aRomero Maura, Joaquín,d1940-999412 aES-MaACLjC-47934 bR.66148 c80332d80332 00104070aATENEOMbATENEOMcDEPO2d2008-01-17eSCl0oC-47934p1083990r2023-02-23 00:00:00w2023-02-23yMONOGRAFIA